书目信息 |
| 题名: |
智能算法在云计算资源中的相关研究
|
|
| 作者: | 陈暄 著 | |
| 分册: | ||
| 出版信息: | 北京 中国原子能出版社 2018.06 |
|
| 页数: | 228页 | |
| 开本: | 24cm | |
| 丛书名: | ||
| 单 册: | ||
| 中图分类: | TP393.027 | |
| 科图分类: | ||
| 主题词: | 人工智能--ren gong zhi neng--算法--应用--云计算--研究 | |
| 电子资源: | ||
| ISBN: | 978-7-5022-8875-4 | |
| 000 | 01262nam0 2200265 450 | |
| 001 | CAL 0120182540045 | |
| 005 | 20180816152129.4 | |
| 010 | @a978-7-5022-8875-4@b精装@dCNY98.00 | |
| 100 | @a20180816d2018 em y0chiy50 ea | |
| 101 | 0 | @achi |
| 102 | @aCN@b110000 | |
| 105 | @aa a 000yy | |
| 106 | @ar | |
| 200 | 1 | @a智能算法在云计算资源中的相关研究@Azhi neng suan fa zai yun ji suan zi yuan zhong de xiang guan yan jiu@f陈暄著@g |
| 210 | @a北京@c中国原子能出版社@d2018.06 | |
| 215 | @a228页@c图@d24cm | |
| 314 | @a陈暄, 浙江工业职业技术学院副教授。 | |
| 320 | @a有书目 (第228页) | |
| 330 | @a《智能算法在云计算资源中的相关研究》进入21世纪以来, 云计算已经成为当前炙手可热的研究话题, 它是在并行计算、分布式计算、网格计算的基础上发展发展起来的一种模式, 云计算可以最大限度的方便用户通过互联网不受时间和地点的约束, 使用虚拟化资源来进行处理任务。本著作从云计算的起源开始, 阐述了云计算中总体架构, 分析了云计算中的关键技术, 研究了当前改进的智能算法在云计算中的资源调度, 并结合当前的大数据背景的数据挖掘和云计算数据库进行了阐述。 | |
| 606 | 0 | @a人工智能@Aren gong zhi neng@x算法@x应用@x云计算@x研究 |
| 690 | @aTP393.027@v5 | |
| 701 | 0 | @a陈暄@Achen xuan@4著 |
| 801 | 0 | @aCN@b人天书店@c20180816@g |
| 905 | @aBZT@dTP393.027@e1 | |
| 906 | @dCNY98.00@n3@r1 | |
| 智能算法在云计算资源中的相关研究/陈暄著.-北京:中国原子能出版社,2018.06 |
| 228页:图;24cm |
| ISBN 978-7-5022-8875-4(精装):CNY98.00 |
| 《智能算法在云计算资源中的相关研究》进入21世纪以来, 云计算已经成为当前炙手可热的研究话题, 它是在并行计算、分布式计算、网格计算的基础上发展发展起来的一种模式, 云计算可以最大限度的方便用户通过互联网不受时间和地点的约束, 使用虚拟化资源来进行处理任务。本著作从云计算的起源开始, 阐述了云计算中总体架构, 分析了云计算中的关键技术, 研究了当前改进的智能算法在云计算中的资源调度, 并结合当前的大数据背景的数据挖掘和云计算数据库进行了阐述。 |
| ● |
| 相关链接 |
|
|
|
正题名:智能算法在云计算资源中的相关研究
索取号:TP393.027/1
 
预约/预借
| 序号 | 登录号 | 条形码 | 馆藏地/架位号 | 状态 | 备注 |
| 1 | 851878 | 2000851878 | 第二书库/ [索取号:TP393.027/1] | 在馆 | |
| 2 | 851879 | 2000851879 | 第二书库/ [索取号:TP393.027/1] | 在馆 | |
| 3 | 851880 | 2000851880 | 第二书库/ [索取号:TP393.027/1] | 在馆 |